|
|
|
|
| LEADER |
00000nam0a2200000 4500 |
| 001 |
234986 |
| 005 |
20231101231350.0 |
| 035 |
|
|
|a (RuTPU)RU\TPU\book\256115
|
| 090 |
|
|
|a 234986
|
| 100 |
|
|
|a 20130402d1936 k y0rusy50 ca
|
| 101 |
0 |
|
|a rus
|
| 102 |
|
|
|a RU
|
| 105 |
|
|
|a a z 001zy
|
| 200 |
1 |
|
|a Озокериты и церезины
|e [монография]
|f С. М. Лисичкин
|
| 210 |
|
|
|a Баку
|c Азнефтеиздат
|a Москва
|c ОНТИ НКТП
|d 1936
|
| 215 |
|
|
|a 88 с.
|c ил.
|
| 320 |
|
|
|a Библиогр.: с. 88.
|
| 606 |
1 |
|
|a Озокерит
|x Добыча
|2 stltpush
|3 (RuTPU)RU\TPU\subj\46842
|9 65936
|
| 606 |
1 |
|
|a Церезин
|2 stltpush
|3 (RuTPU)RU\TPU\subj\34384
|9 56346
|
| 610 |
1 |
|
|a озокеритовые месторождения
|
| 610 |
1 |
|
|a генезис
|
| 610 |
1 |
|
|a Челекен
|
| 610 |
1 |
|
|a Ферганская долина
|
| 610 |
1 |
|
|a Польша
|
| 610 |
1 |
|
|a Америка
|
| 675 |
|
|
|a 622.337
|v 3
|
| 675 |
|
|
|a 665.772
|v 3
|
| 700 |
|
1 |
|a Лисичкин
|b С. М.
|
| 801 |
|
1 |
|a RU
|b 63413507
|c 20130402
|
| 801 |
|
2 |
|a RU
|b 63413507
|c 20130405
|g RCR
|
| 942 |
|
|
|c BK
|